<?xml version="1.0" encoding="UTF-8"?><?xml-stylesheet type="text/xsl" href="static/style.xsl"?><OAI-PMH xmlns="http://www.openarchives.org/OAI/2.0/" xmlns:xsi="http://www.w3.org/2001/XMLSchema-instance" xsi:schemaLocation="http://www.openarchives.org/OAI/2.0/ http://www.openarchives.org/OAI/2.0/OAI-PMH.xsd"><responseDate>2026-04-13T04:49:36Z</responseDate><request verb="GetRecord" identifier="oai:www.recercat.cat:10230/57645" metadataPrefix="marc">https://recercat.cat/oai/request</request><GetRecord><record><header><identifier>oai:recercat.cat:10230/57645</identifier><datestamp>2025-12-18T01:49:10Z</datestamp><setSpec>com_2072_6</setSpec><setSpec>col_2072_452953</setSpec></header><metadata><record xmlns="http://www.loc.gov/MARC21/slim" xmlns:dcterms="http://purl.org/dc/terms/" xmlns:xsi="http://www.w3.org/2001/XMLSchema-instance" xmlns:doc="http://www.lyncode.com/xoai" xsi:schemaLocation="http://www.loc.gov/MARC21/slim http://www.loc.gov/standards/marcxml/schema/MARC21slim.xsd">
   <leader>00925njm 22002777a 4500</leader>
   <datafield ind2=" " ind1=" " tag="042">
      <subfield code="a">dc</subfield>
   </datafield>
   <datafield ind2=" " ind1=" " tag="720">
      <subfield code="a">Codina, Lluís</subfield>
      <subfield code="e">author</subfield>
   </datafield>
   <datafield ind2=" " ind1=" " tag="720">
      <subfield code="a">Lopezosa, Carlos</subfield>
      <subfield code="e">author</subfield>
   </datafield>
   <datafield ind2=" " ind1=" " tag="260">
      <subfield code="c">2023-07-24T13:40:15Z</subfield>
   </datafield>
   <datafield ind2=" " ind1=" " tag="260">
      <subfield code="c">2023-07-24T13:40:15Z</subfield>
   </datafield>
   <datafield ind2=" " ind1=" " tag="260">
      <subfield code="c">2023-07-24</subfield>
   </datafield>
   <datafield ind2=" " ind1=" " tag="520">
      <subfield code="a">Aquest treball presenta els elements més importants que afecten a la redacció&#xd;
d&amp;apos;articles científics, però també els que determinen l’èxit per la seva acceptació i&#xd;
publicació en revistes d’impacte. També s’ocupa aspectes com la manera de contestar&#xd;
a les avaluacions del tipus “peer review” i com difondre l’article un cop publicat. El&#xd;
públic previst són els investigador en formació, i en especial, els doctorands que hagin&#xd;
optat per dur a terme una tesis per compendi de publicacions. Tanmateix, qualsevol&#xd;
investigador, junior o sènior, segurament trobarà diversos elements d&amp;apos;interès en&#xd;
aquest treball. També és oportú afegir que el principal background acadèmic és el de&#xd;
les ciències socials en general i el dels estudis de comunicació social en particular.</subfield>
   </datafield>
   <datafield ind2=" " ind1=" " tag="520">
      <subfield code="a">In this paper we are going to consider the elements that affect the writing of scientific&#xd;
articles, but also those that determine the success of their publication in impact&#xd;
journals. The public we have in mind are researchers in training and especially&#xd;
doctoral students who have chosen to carry out a thesis by compendium of&#xd;
publications. Nevertheless, we trust that any researcher, junior or senior, can find at&#xd;
least some element of interest in what will follow. It is also appropriate to add that&#xd;
our academic background is that of social sciences and communication studies.</subfield>
   </datafield>
   <datafield ind2=" " ind1=" " tag="520">
      <subfield code="a">Aquest treball forma part del desenvolupament de metodologies del projecte:&#xd;
“Paràmetres i estratègies per incrementar la rellevància dels mitjans i la comunicació&#xd;
digital en la societat: curació, visualització i visibilitat (CUVICOM)”. PID2021-&#xd;
123579OB-I00 (MICINN), Ministerio de Ciencia e Innovación (España).</subfield>
   </datafield>
   <datafield tag="653" ind2=" " ind1=" ">
      <subfield code="a">Articles científics</subfield>
   </datafield>
   <datafield tag="653" ind2=" " ind1=" ">
      <subfield code="a">Articles acadèmics</subfield>
   </datafield>
   <datafield tag="653" ind2=" " ind1=" ">
      <subfield code="a">IMRiD</subfield>
   </datafield>
   <datafield tag="653" ind2=" " ind1=" ">
      <subfield code="a">Revistes acadèmiques</subfield>
   </datafield>
   <datafield tag="653" ind2=" " ind1=" ">
      <subfield code="a">Revistes científiques</subfield>
   </datafield>
   <datafield tag="653" ind2=" " ind1=" ">
      <subfield code="a">Avaluació d’articles</subfield>
   </datafield>
   <datafield tag="653" ind2=" " ind1=" ">
      <subfield code="a">Peer review</subfield>
   </datafield>
   <datafield tag="653" ind2=" " ind1=" ">
      <subfield code="a">SEO acadèmic</subfield>
   </datafield>
   <datafield tag="653" ind2=" " ind1=" ">
      <subfield code="a">Scientific papers</subfield>
   </datafield>
   <datafield tag="653" ind2=" " ind1=" ">
      <subfield code="a">Academic papers</subfield>
   </datafield>
   <datafield tag="653" ind2=" " ind1=" ">
      <subfield code="a">Academic journals</subfield>
   </datafield>
   <datafield tag="653" ind2=" " ind1=" ">
      <subfield code="a">Scientific journals</subfield>
   </datafield>
   <datafield ind2="0" ind1="0" tag="245">
      <subfield code="a">Escriptura d&amp;apos;articles científics: estructura, redacció, fases i publicació</subfield>
   </datafield>
</record></metadata></record></GetRecord></OAI-PMH>